|
|
|
|
| LEADER |
00000nam0a2200000 4500 |
| 001 |
252209 |
| 005 |
20231101232728.0 |
| 035 |
|
|
|a (RuTPU)RU\TPU\book\274539
|
| 035 |
|
|
|a RU\TPU\book\42639
|
| 090 |
|
|
|a 252209
|
| 100 |
|
|
|a 20140227d1981 m y0rusy50 ca
|
| 101 |
0 |
|
|a rus
|
| 102 |
|
|
|a RU
|
| 105 |
|
|
|a a j 001zy
|
| 200 |
1 |
|
|a Курс теоретической механики
|e учебник для вузов
|f М. М. Гернет
|
| 205 |
|
|
|a 4-е изд., перераб. и сокр.
|
| 210 |
|
|
|a Москва
|c Высшая школа
|d 1981
|
| 215 |
|
|
|a 304 с.
|c ил.
|
| 320 |
|
|
|a Имен. указ.: с. 296-298.
|
| 320 |
|
|
|a Предм. указ.: с. 299-303.
|
| 606 |
1 |
|
|a Механика
|2 stltpush
|3 (RuTPU)RU\TPU\subj\67812
|9 83462
|
| 610 |
1 |
|
|a теория
|
| 610 |
1 |
|
|a примеры
|
| 610 |
1 |
|
|a задачи
|
| 610 |
1 |
|
|a кинетика
|
| 610 |
1 |
|
|a механика теоретическая
|
| 610 |
1 |
|
|a кинематика
|
| 610 |
1 |
|
|a учебники
|
| 675 |
|
|
|a 531(075.8)
|v 3
|
| 700 |
|
1 |
|a Гернет
|b М. М.
|g Михаил Михайлович
|
| 801 |
|
1 |
|a RU
|b 63413507
|c 20020621
|g PSBO
|
| 801 |
|
2 |
|a RU
|b 63413507
|c 20170926
|g PSBO
|
| 942 |
|
|
|c BK
|
| 952 |
|
|
|a 510300
|b 010500
|